<?xml version="1.0" encoding="UTF-8"?>
<marc:record xmlns:marc="http://www.loc.gov/MARC21/slim">
   <marc:leader>00000nam a2200000 a 4500</marc:leader>
   <marc:datafield ind1="1" ind2=" " tag="100">
      <marc:subfield code="a">Fritz, Johanna</marc:subfield>
      <marc:subfield code="4">ctb</marc:subfield>
      <marc:subfield code="e">Mitwirkende/-r</marc:subfield>
   </marc:datafield>
   <marc:datafield ind1="1" ind2=" " tag="100">
      <marc:subfield code="a">Gehlen, Andrea</marc:subfield>
      <marc:subfield code="4">ctb</marc:subfield>
      <marc:subfield code="e">Mitwirkende/-r</marc:subfield>
   </marc:datafield>
   <marc:datafield ind1=" " ind2=" " tag="653">
      <marc:subfield code="a">Gutenachtgeschichte</marc:subfield>
   </marc:datafield>
   <marc:datafield ind1=" " ind2=" " tag="653">
      <marc:subfield code="a">Softcover / Kinder- und Jugendbücher/Erzählerische Bilderbücher</marc:subfield>
   </marc:datafield>
   <marc:datafield ind1=" " ind2=" " tag="653">
      <marc:subfield code="a">Anthologie</marc:subfield>
   </marc:datafield>
   <marc:datafield ind1=" " ind2=" " tag="653">
      <marc:subfield code="a">Bilderbuch</marc:subfield>
   </marc:datafield>
   <marc:datafield ind1=" " ind2=" " tag="653">
      <marc:subfield code="a">Erzählerische Bilderbücher</marc:subfield>
   </marc:datafield>
   <marc:datafield ind1="0" ind2="0" tag="245">
      <marc:subfield code="a">Post aus Traumland - Deine Gute-Nacht-Geschichten</marc:subfield>
   </marc:datafield>
   <marc:datafield ind1="0" ind2="0" tag="245">
      <marc:subfield code="b">14 fantasievolle Geschichten zum Einschlafen und Träumen</marc:subfield>
   </marc:datafield>
   <marc:datafield ind1="0" ind2="0" tag="245">
      <marc:subfield code="c">mit Ill. von K. Johanna Fritz. Erzählt von Andrea Gehlen</marc:subfield>
   </marc:datafield>
   <marc:datafield ind1=" " ind2="1" tag="264">
      <marc:subfield code="a">Gütersloh</marc:subfield>
      <marc:subfield code="b">Wissenmedia in der Inmedia-ONE</marc:subfield>
      <marc:subfield code="c">2013</marc:subfield>
   </marc:datafield>
   <marc:datafield ind1="1" ind2=" " tag="490">
      <marc:subfield code="a">Bertelsmann Junior!</marc:subfield>
   </marc:datafield>
   <marc:datafield ind1="1" ind2=" " tag="520">
      <marc:subfield code="a">Angaben aus der Verlagsmeldung

TING Post aus Traumland - Deine Gute-Nacht-Geschichten : Geschichten zum Lesen und Hören

Post aus Traumland ist eine Geschichtensammlung mit 15 fr&amp;ouml;hlich-spannenden Gute-Nacht-Geschichten zum Einschlafen und Tr&amp;auml;umen: Wo schl&amp;auml;ft eigentlich die Zahnfee? Trinken Zauberer auch gerne hei&amp;szlig;e Milch mit Honig? Und macht Fischez&amp;auml;hlen genauso schl&amp;auml;frig wie Sch&amp;auml;fchenz&amp;auml;hlen? Niemand kann diese Fragen besser beantworten als die Bewohner des Traumlandes selbst. In kurzen Briefen erz&amp;auml;hlen zum Beispiel die Zahnfee Edm&amp;eacute;e, der Schutzengel Giselbert oder die kleine Wassernixe Midori von ihren Lieblingsschlafpl&amp;auml;tzen und ihren sch&amp;ouml;nsten Abenteuern &amp;hellip;

- Geschrieben von Andrea Gehlen und illustriert von K. Johanna Fritz

- Mit 150 Ger&amp;auml;uschen und vertonten Texten

- Mit R&amp;auml;tsel- und Suchaufgaben

- Geeignet zum Vorlesen und f&amp;uuml;r Leseanf&amp;auml;nger
</marc:subfield>
   </marc:datafield>
   <marc:datafield ind1=" " ind2=" " tag="020">
      <marc:subfield code="a">9783577003346</marc:subfield>
      <marc:subfield code="9">9783577003346</marc:subfield>
   </marc:datafield>
   <marc:datafield ind1=" " ind2=" " tag="020">
      <marc:subfield code="a">3577003340</marc:subfield>
      <marc:subfield code="9">3577003340</marc:subfield>
   </marc:datafield>
   <marc:datafield ind1=" " ind2=" " tag="041">
      <marc:subfield code="a">ger</marc:subfield>
   </marc:datafield>
   <marc:datafield ind1=" " ind2=" " tag="300">
      <marc:subfield code="a">30 S.</marc:subfield>
   </marc:datafield>
</marc:record>
